01189nam a2200313 a 4500001001200000003000800012006001900020007001500039008004100054020001800095020002700113040002100140035002100161050002300182100002600205245009700231250001200328260005000340300003700390490001500427504005100442533015200493650002000645655002900665700002200694710001700716830001600733856012600749ebr10480462CaPaEBRm u cr cn|||||||||110713s2008 enkac sb 001 0 eng d z9781903734018 z9781905832361 (e-book) aCaPaEBRcCaPaEBR a(OCoLC)56872745614aRD111b.P75 2008eb1 aPrice, Christopher J.10aFast factsh[electronic resource] :bminor surgery /cChristopher J. Price, Rodney Sinclair. a2nd ed. aAbingdon, Oxford :bHealth Press Ltd.,c2008. a118 p. :bcol. ill., col. ports.1 aFast facts aIncludes bibliographical references and index. aElectronic reproduction.bPalo Alto, Calif. :cebrary,d2013.nAvailable via World Wide Web.nAccess may be limited to ebrary affiliated libraries. 0aSurgery, Minor. 7aElectronic books.2local1 aSinclair, Rodney.2 aebrary, Inc. 0aFast facts.40uhttp://site.ebrary.com/lib/rucke/Doc?id=10480462zAn electronic book accessible through the World Wide Web; click to view